| 000 | 01322cam a22003615a 4500 | ||
|---|---|---|---|
| 003 | EG-ScBUE | ||
| 005 | 20211223123900.0 | ||
| 008 | 010627t2001 enk f 001 0 eng d | ||
| 020 | _a0520230698 | ||
| 020 | _a9780520230699 | ||
| 040 |
_aUk _eeng _brda _cUk _dEG-ScBUE |
||
| 082 | 0 | 4 |
_a823.09 _bWAT _222 |
| 100 | 1 |
_aWatt, Ian, _d1917-1999, _eauthor. _936997 |
|
| 245 | 1 | 4 |
_aThe rise of the novel : _bstudies in defoe, richardson and fielding / _cIan Watt ; with an afterword by W.B. Carnochan. |
| 250 | _aSecond edition. | ||
| 264 | 1 |
_aBerkeley ; _aLos Angeles : _bUniversity of California Press, _c[2001] |
|
| 264 | 4 | _cc2001 | |
| 300 |
_a339 pages ; _c22 cm |
||
| 336 |
_2rdacontent _atext _btxt |
||
| 337 |
_2rdamedia _aunmediated _bn |
||
| 338 |
_2rdacarrier _avolume _bnc |
||
| 500 | _aOriginally published: London : Chatto & Windus, 1957. | ||
| 500 | _aIncludes index. | ||
| 650 | 7 |
_aEnglish fiction _y18th century _xHistory and criticism. _2BUEsh _941333 |
|
| 651 | _2BUEsh | ||
| 653 |
_bHHUUEENN _cNovember2018 |
||
| 655 |
_vReading book _934232 |
||
| 886 | 2 |
_2ukmarc _a900 _b10 _aWatt _hIan _c1917- _xSee _aWatt, Ian P. _z100 |
|
| 886 | 2 |
_2ukmarc _a900 _b10 _aWatt _hIan _c1917- _xSee _aWatt, Ian P. |
|
| 942 |
_2ddc _cBB |
||
| 999 |
_c26965 _d26937 |
||